000 02947cam a2200337 4500500
005 20260329021412.0
041 _afre
042 _adc
100 1 0 _aAgossou, Joseph
_eauthor
700 1 0 _aAdèdémy, Julien Didier
_eauthor
700 1 0 _aNoudamadjo, Alphonse
_eauthor
700 1 0 _aTognon Tchegnonsi, Francis
_eauthor
700 1 0 _aDjidonou, Anselme
_eauthor
700 1 0 _aAlassane, Hayath Séidou
_eauthor
700 1 0 _aGandaho, Prosper
_eauthor
245 0 0 _aAspects psychosociaux et affectifs de la malnutrition aiguë chez les enfants de moins de cinq ans à Parakou et à Tanguiéta
260 _c2013.
500 _a66
520 _aLa malnutrition demeure toujours une cause importante de mortalité dans les pays en voie de développement. Le rôle des facteurs psychosociaux et affectifs intervenant dans sa genèse reste encore peu étudié. Cela handicape sa prise en charge globale. Ce travail avait pour but d’étudier les aspects psychosociaux et affectifs intervenant dans la survenue de la malnutrition de l’enfant au Nord du Bénin. II s’agit d’une étude transversale et descriptive réalisée dans trois centres de récupération nutritionnelle. Elle a inclus tous les enfants malnutris aigus de moins de cinq ans admis dans ces centres durant la période de Février à Juillet 2009. A travers un entretien avec les mères et une observation à domicile portant sur le type de relations entre les enfants et leurs mères, les données ont été collectées. Un total de 130 cas d’enfants malnutris ont été enregistrés. Différents facteurs ont été répertoriés intervenant dans la genèse da la malnutrition.
520 _aMalnutrition remains a major cause of mortality in developing countries. The role of psychosocial and emotional factors involved in its genesis remains poorly studied. This hampers its overall management. This work aimed to investigate the psychosocial and emotional aspects involved in the occurrence of child malnutrition in northern Benin. This is a descriptive cross-sectional study conducted in three nutritional recovery centers. It included all acute malnourished children under five years admitted to these centers during the period from February to July 2009. Through an interview with mothers and observation at home on the type of relationships between children and their mothers, the data were collected. A total of 130 cases of malnourished children were recorded. Various factors have been identified involved in the genesis of the malnutrition.
690 _aaspects psychosociaux
690 _aenfant
690 _amalnutrition
690 _aNord-Bénin
690 _achild
690 _amalnutrition
690 _anorthern Benin
690 _apsychosocial aspects
786 0 _nPsy Cause | 62 | 1 | 2013-01-14 | p. 21-26 | 1245-2394
856 4 1 _uhttps://shs.cairn.info/revue-psy-cause-2013-1-page-21?lang=fr&redirect-ssocas=7080
999 _c1912288
_d1912288